000 00335nam a2200145Ia 4500
005 20260328104329.0
008 260328s9999||||xx |||||||||||||| ||und||
100 _aPeterson, Steven
245 0 _aSpace Anti-Space /
_cSteven Peterson
250 _aOriginal
260 _bOro
300 _a295 p.
650 _aURBANISMO
942 _cBK
999 _c11645
_d11645